00353pab a2200133 454500008004000000100002300040245006200063260000900125300001300134362001100147650001100158650001600169773003400185180718b2010 xxu||||| |||| 00| 0 eng d aSabar, Bhubaneswar aTribal agriculture: the Chuktia Bhunjias in central India c2010 ap.77-79. a20 Mar aTribes aAgriculture aEconomic and Political Weekly